<?xml version="1.0" encoding="UTF-8"?>
<record
    xmlns:xsi="http://www.w3.org/2001/XMLSchema-instance"
    xsi:schemaLocation="http://www.loc.gov/MARC21/slim http://www.loc.gov/standards/marcxml/schema/MARC21slim.xsd"
    xmlns="http://www.loc.gov/MARC21/slim">

  <leader>00683nam a2200241 a 4500</leader>
  <controlfield tag="001">82405</controlfield>
  <controlfield tag="003">BD-RjUL</controlfield>
  <controlfield tag="005">20231205130707.0</controlfield>
  <controlfield tag="008">231205s2018    ii ||||| |||| 00| 0 eng d</controlfield>
  <datafield tag="020" ind1=" " ind2=" ">
    <subfield code="a"> 9789388121033</subfield>
  </datafield>
  <datafield tag="035" ind1=" " ind2=" ">
    <subfield code="a">(BD-RjUL)82405</subfield>
  </datafield>
  <datafield tag="040" ind1=" " ind2=" ">
    <subfield code="a">BD-RjUL</subfield>
    <subfield code="b">eng</subfield>
    <subfield code="c">BD-RjUL</subfield>
  </datafield>
  <datafield tag="041" ind1=" " ind2=" ">
    <subfield code="a">eng</subfield>
  </datafield>
  <datafield tag="082" ind1=" " ind2=" ">
    <subfield code="2">23</subfield>
    <subfield code="a">954</subfield>
    <subfield code="b">JAE 2018</subfield>
  </datafield>
  <datafield tag="100" ind1=" " ind2=" ">
    <subfield code="a">Jaiswal, Anuradha </subfield>
    <subfield code="9">10349</subfield>
  </datafield>
  <datafield tag="245" ind1=" " ind2=" ">
    <subfield code="a">Encyclopaedia of Indian culture / </subfield>
    <subfield code="c">Anuradha Jaiswal </subfield>
  </datafield>
  <datafield tag="260" ind1=" " ind2=" ">
    <subfield code="a">New Delhi :</subfield>
    <subfield code="b">World Heritage Inc,</subfield>
    <subfield code="c">2018</subfield>
  </datafield>
  <datafield tag="300" ind1=" " ind2=" ">
    <subfield code="a"> V. :</subfield>
    <subfield code="b">ill.;</subfield>
    <subfield code="c">25 cm.</subfield>
  </datafield>
  <datafield tag="505" ind1="0" ind2="1">
    <subfield code="a">Vol. 1-- Vol. 2-- Vol. 3-- Vol. 4-- Vol. 5--</subfield>
  </datafield>
  <datafield tag="650" ind1=" " ind2=" ">
    <subfield code="a">India</subfield>
  </datafield>
  <datafield tag="650" ind1=" " ind2=" ">
    <subfield code="a">India Civilization</subfield>
    <subfield code="9">10350</subfield>
  </datafield>
  <datafield tag="942" ind1=" " ind2=" ">
    <subfield code="2">ddc</subfield>
    <subfield code="c">REF</subfield>
  </datafield>
  <datafield tag="999" ind1=" " ind2=" ">
    <subfield code="c">82405</subfield>
    <subfield code="d">82405</subfield>
  </datafield>
  <datafield tag="952" ind1=" " ind2=" ">
    <subfield code="0">0</subfield>
    <subfield code="1">0</subfield>
    <subfield code="2">ddc</subfield>
    <subfield code="4">0</subfield>
    <subfield code="7">1</subfield>
    <subfield code="8">NFIC</subfield>
    <subfield code="a">RUCL</subfield>
    <subfield code="b">RUCL</subfield>
    <subfield code="c">REF</subfield>
    <subfield code="d">2023-10-30</subfield>
    <subfield code="e">Dhaka : BM Book</subfield>
    <subfield code="g">9600.00</subfield>
    <subfield code="l">0</subfield>
    <subfield code="o">R 954 JAE V-1 2018</subfield>
    <subfield code="r">2023-12-05 00:00:00</subfield>
    <subfield code="t">C-1</subfield>
    <subfield code="w">2023-12-05</subfield>
    <subfield code="y">REF</subfield>
  </datafield>
  <datafield tag="952" ind1=" " ind2=" ">
    <subfield code="0">0</subfield>
    <subfield code="1">0</subfield>
    <subfield code="2">ddc</subfield>
    <subfield code="4">0</subfield>
    <subfield code="7">1</subfield>
    <subfield code="8">NFIC</subfield>
    <subfield code="a">RUCL</subfield>
    <subfield code="b">RUCL</subfield>
    <subfield code="c">REF</subfield>
    <subfield code="d">2023-10-30</subfield>
    <subfield code="e">Dhaka : BM Book</subfield>
    <subfield code="g">9600.00</subfield>
    <subfield code="l">0</subfield>
    <subfield code="o">R 954 JAE V-1 2018</subfield>
    <subfield code="r">2023-12-05 00:00:00</subfield>
    <subfield code="t">C-2</subfield>
    <subfield code="w">2023-12-05</subfield>
    <subfield code="y">REF</subfield>
  </datafield>
  <datafield tag="952" ind1=" " ind2=" ">
    <subfield code="0">0</subfield>
    <subfield code="1">0</subfield>
    <subfield code="2">ddc</subfield>
    <subfield code="4">0</subfield>
    <subfield code="7">1</subfield>
    <subfield code="8">NFIC</subfield>
    <subfield code="a">RUCL</subfield>
    <subfield code="b">RUCL</subfield>
    <subfield code="c">REF</subfield>
    <subfield code="d">2023-10-30</subfield>
    <subfield code="e">Dhaka : BM Book</subfield>
    <subfield code="g">9600.00</subfield>
    <subfield code="l">0</subfield>
    <subfield code="o">R 954 JAE V-2 2018</subfield>
    <subfield code="r">2023-12-05 00:00:00</subfield>
    <subfield code="t">C-1</subfield>
    <subfield code="w">2023-12-05</subfield>
    <subfield code="y">REF</subfield>
  </datafield>
  <datafield tag="952" ind1=" " ind2=" ">
    <subfield code="0">0</subfield>
    <subfield code="1">0</subfield>
    <subfield code="2">ddc</subfield>
    <subfield code="4">0</subfield>
    <subfield code="7">1</subfield>
    <subfield code="8">NFIC</subfield>
    <subfield code="a">RUCL</subfield>
    <subfield code="b">RUCL</subfield>
    <subfield code="c">REF</subfield>
    <subfield code="d">2023-10-30</subfield>
    <subfield code="e">Dhaka : BM Book</subfield>
    <subfield code="g">9600.00</subfield>
    <subfield code="l">0</subfield>
    <subfield code="o">R 954 JAE V-2 2018</subfield>
    <subfield code="r">2023-12-05 00:00:00</subfield>
    <subfield code="t">C-2</subfield>
    <subfield code="w">2023-12-05</subfield>
    <subfield code="y">REF</subfield>
  </datafield>
  <datafield tag="952" ind1=" " ind2=" ">
    <subfield code="0">0</subfield>
    <subfield code="1">0</subfield>
    <subfield code="2">ddc</subfield>
    <subfield code="4">0</subfield>
    <subfield code="7">1</subfield>
    <subfield code="8">NFIC</subfield>
    <subfield code="a">RUCL</subfield>
    <subfield code="b">RUCL</subfield>
    <subfield code="c">REF</subfield>
    <subfield code="d">2023-10-30</subfield>
    <subfield code="e">Dhaka : BM Book</subfield>
    <subfield code="g">9600.00</subfield>
    <subfield code="l">0</subfield>
    <subfield code="o">R 954 JAE V-3 2018</subfield>
    <subfield code="r">2023-12-05 00:00:00</subfield>
    <subfield code="t">C-1</subfield>
    <subfield code="w">2023-12-05</subfield>
    <subfield code="y">REF</subfield>
  </datafield>
  <datafield tag="952" ind1=" " ind2=" ">
    <subfield code="0">0</subfield>
    <subfield code="1">0</subfield>
    <subfield code="2">ddc</subfield>
    <subfield code="4">0</subfield>
    <subfield code="7">1</subfield>
    <subfield code="8">NFIC</subfield>
    <subfield code="a">RUCL</subfield>
    <subfield code="b">RUCL</subfield>
    <subfield code="c">REF</subfield>
    <subfield code="d">2023-10-30</subfield>
    <subfield code="e">Dhaka : BM Book</subfield>
    <subfield code="g">9600.00</subfield>
    <subfield code="l">0</subfield>
    <subfield code="o">R 954 JAE V-3 2018</subfield>
    <subfield code="r">2023-12-05 00:00:00</subfield>
    <subfield code="t">C-2</subfield>
    <subfield code="w">2023-12-05</subfield>
    <subfield code="y">REF</subfield>
  </datafield>
  <datafield tag="952" ind1=" " ind2=" ">
    <subfield code="0">0</subfield>
    <subfield code="1">0</subfield>
    <subfield code="2">ddc</subfield>
    <subfield code="4">0</subfield>
    <subfield code="7">1</subfield>
    <subfield code="8">NFIC</subfield>
    <subfield code="a">RUCL</subfield>
    <subfield code="b">RUCL</subfield>
    <subfield code="c">REF</subfield>
    <subfield code="d">2023-10-30</subfield>
    <subfield code="e">Dhaka : BM Book</subfield>
    <subfield code="g">9600.00</subfield>
    <subfield code="l">0</subfield>
    <subfield code="o">R 954 JAE V-4 2018</subfield>
    <subfield code="r">2023-12-05 00:00:00</subfield>
    <subfield code="t">C-1</subfield>
    <subfield code="w">2023-12-05</subfield>
    <subfield code="y">REF</subfield>
  </datafield>
  <datafield tag="952" ind1=" " ind2=" ">
    <subfield code="0">0</subfield>
    <subfield code="1">0</subfield>
    <subfield code="2">ddc</subfield>
    <subfield code="4">0</subfield>
    <subfield code="7">1</subfield>
    <subfield code="8">NFIC</subfield>
    <subfield code="a">RUCL</subfield>
    <subfield code="b">RUCL</subfield>
    <subfield code="c">REF</subfield>
    <subfield code="d">2023-10-30</subfield>
    <subfield code="e">Dhaka : BM Book</subfield>
    <subfield code="g">9600.00</subfield>
    <subfield code="l">0</subfield>
    <subfield code="o">R 954 JAE V-4 2018</subfield>
    <subfield code="r">2023-12-05 00:00:00</subfield>
    <subfield code="t">C-2</subfield>
    <subfield code="w">2023-12-05</subfield>
    <subfield code="y">REF</subfield>
  </datafield>
  <datafield tag="952" ind1=" " ind2=" ">
    <subfield code="0">0</subfield>
    <subfield code="1">0</subfield>
    <subfield code="2">ddc</subfield>
    <subfield code="4">0</subfield>
    <subfield code="7">1</subfield>
    <subfield code="8">NFIC</subfield>
    <subfield code="a">RUCL</subfield>
    <subfield code="b">RUCL</subfield>
    <subfield code="c">REF</subfield>
    <subfield code="d">2023-10-30</subfield>
    <subfield code="e">Dhaka : BM Book</subfield>
    <subfield code="g">9600.00</subfield>
    <subfield code="l">0</subfield>
    <subfield code="o">R 954 JAE V-5 2018</subfield>
    <subfield code="r">2023-12-05 00:00:00</subfield>
    <subfield code="t">C-1</subfield>
    <subfield code="w">2023-12-05</subfield>
    <subfield code="y">REF</subfield>
  </datafield>
  <datafield tag="952" ind1=" " ind2=" ">
    <subfield code="0">0</subfield>
    <subfield code="1">0</subfield>
    <subfield code="2">ddc</subfield>
    <subfield code="4">0</subfield>
    <subfield code="7">1</subfield>
    <subfield code="8">NFIC</subfield>
    <subfield code="a">RUCL</subfield>
    <subfield code="b">RUCL</subfield>
    <subfield code="c">REF</subfield>
    <subfield code="d">2023-10-30</subfield>
    <subfield code="e">Dhaka : BM Book</subfield>
    <subfield code="g">9600.00</subfield>
    <subfield code="l">0</subfield>
    <subfield code="o">R 954 JAE V-5 2018</subfield>
    <subfield code="r">2023-12-05 00:00:00</subfield>
    <subfield code="t">C-2</subfield>
    <subfield code="w">2023-12-05</subfield>
    <subfield code="y">REF</subfield>
  </datafield>
</record>
